000 00497nam a2200181Ia 4500
999 _c29914
_d29914
003 OSt
005 20201123124734.0
008 190216s9999||||xx |||||||||||||| ||und||
020 _a9788171306046
040 _coclc
082 _a894.8123
_bRAM/S
100 _aRamanunni, K P
_96841
245 0 _aSufi Paranja Katha /
_cK P Ramanunni
260 _bDc Books,
_c2012.
_aKottayam:
300 _a127p
650 _aNovel
942 _cBK
_2ddc
_h894.8123
_iRAM/S
_k894.8123
_mRAM/S